| 000 | 00000nas 2200000zi 4500 |
| 001 | 9.929072 |
| 003 | CaOODSP |
| 005 | 20251127130934 |
| 006 | m o d f |
| 007 | cr ||||||||||| |
| 008 | 231019c20119999oncqr p o f0###a0eng|d |
| 040 | |aCaOODSP|beng|erda|cCaOODSP |
| 043 | |an-cn--- |
| 086 | 1 |aPo12-2E-PDF |
| 110 | 2 |aCanada Post Corporation.|eauthor, |eissuing body. |
| 245 | 10|aQuarterly financial report ... / |cCanada Post Corporation. |
| 246 | 3 |iIssues 2012 - have title : |a... quarter financial report for the period ended ... |
| 264 | 1|a[Ottawa] : |bCanada Post = Postes Canada, |c[2011]- |
| 310 | |aQuarterly |
| 336 | |atext|btxt|2rdacontent |
| 337 | |acomputer|bc|2rdamedia |
| 338 | |aonline resource|bcr|2rdacarrier |
| 362 | 1 |aBegan with July 2, 2011. |
| 500 | |aIssued also in French under title: Rapport financier trimestriel de Postes Canada : pour les périodes de ... |
| 588 | |aDescription based on: July 2, 2011. |
| 588 | |aLatest issue consulted: April 1, 2023. |
| 610 | 20|aCanada Post Corporation|vPeriodicals. |
| 650 | 0|aFinance, Public|zCanada|vPeriodicals. |
| 655 | 7|aPeriodicals|2lcgft |
| 775 | 08|tRapport financier trimestriel de Postes Canada : |w(CaOODSP)9.929085 |